Plant diseases and vectors : ecology and epidemiology /
Guardado en:
| Otros Autores: | , |
|---|---|
| Formato: | Libro |
| Idioma: | English |
| Publicado: |
New York :
Academic Press,
1981.
|
| Etiquetas: |
Agregar Etiqueta
Sin Etiquetas, Sea el primero en etiquetar este registro!
|
| LEADER | 00535nam a22001575a 4500 | ||
|---|---|---|---|
| 001 | EEA.libagro003273 | ||
| 005 | 20190612125838.0 | ||
| 008 | 130809s1981####nyua##########000#0#eng#d | ||
| 020 | |a 0124702406 | ||
| 082 | 0 | 4 | |a 632.3 |
| 245 | 1 | 0 | |a Plant diseases and vectors : |b ecology and epidemiology / |c edited by Karl Maramorosch, Kerry F. Harris. |
| 260 | |a New York : |b Academic Press, |c 1981. | ||
| 300 | |a xii, 368 p. : |b il. ; |c 24 cm. | ||
| 700 | 1 | |a Maramorosch, Karl. | |
| 700 | 1 | |a Harris, Kerry F. | |
| 859 | |a AR-BbBCA |b BIB. AGRONOMIA |h 632.3 |i M299 |p 1983/0020 | ||
